000 01105nam a22002657a 4500
001 9503
003 FISKH
005 20260115144931.0
008 260115b cb ||||| |||| 00| 0 eng d
040 _aFISKH
_beng
_cFISKH
_dFISKH
050 _aPZ7
082 _a811
100 _aReeves, James
_eAuthor
245 _aEggtime stories /
_cJames Reeves ; illustrated by Colin McNaughton
260 _aLondon :
_bBlackie & Son Limited ,
_c1978
300 _a63 pages :
_billustrations ;
_c23 cm
505 _aG
520 _aThe celebrated story-teller, James Reeves, has created a collection of shorts stories for reading aloud-each one takes as long as the time it takes to cooks an egg (ranging from soft to hard-boiled). These are simple, but highly imaginative tales, each one with something special about it-a joke, a discovery, a surprise, all complemented by Colin McNaughton's witty line drawings.
521 8 _a400
_bLexile estimate
521 8 _aG
_bRaz-Plus
650 _aImaginative tales
_vJoke
700 _aMcNaughton, Colin
_eIllustrator
942 _2ddc
_cBK
_n0
999 _c9503
_d9503